00373nam a2200145 a 4500008004100000020002200041100002000063245004100083260003300124300003400157650000900191003000100200005001700201040000900218  a0491010214 (pbk.)1 aPadfield, C. F.10aLaw made simple/c Colin F Padfield. aLondon :bW. H Allen,c1970. axvi, 432 p. :bill. ;c22 cm. 1aLaw.20230123122147.0 cNUST